Mens health

Tallennettuna:
Bibliografiset tiedot
Aineistotyyppi: Kirja
Kieli:Undetermined
Julkaistu: Emmaus, PA. Rodale Press. 2018
Aiheet:
Tagit: Lisää tagi
Ei tageja, Lisää ensimmäinen tagi!
Thư viện lưu trữ: Trung tâm Học liệu Trường Đại học Cần Thơ
LEADER 00433nam a2200157Ia 4500
001 CTU_235341
008 210402s9999 xx 000 0 und d
082 |a 613 
082 |b M534 
245 0 |a Mens health 
260 |a Emmaus, PA. 
260 |b Rodale Press. 
260 |c 2018 
650 |a Đàn ông,Men 
650 |x Vệ sinh và sức khỏe,Health and hygiene 
980 |a Trung tâm Học liệu Trường Đại học Cần Thơ